Inhaled sedation in the intensive care unit A new option and its technical prerequisites /

Andreas Meiser summarizes the current literature on inhalation sedation of critically ill patients. To meet clinical demands, he describes the development of new devices to administer volatile anesthetics together with common ICU ventilators. Their basic principle is called anesthetic reflection. Th...

Full description

Bibliographic Details
Main Author: Meiser, Andreas (Author, http://id.loc.gov/vocabulary/relators/aut)
Corporate Author: SpringerLink (Online service)
Format: Electronic eBook
Language:English
Published: Wiesbaden : Springer Fachmedien Wiesbaden : Imprint: Springer, 2019.
Edition:1st ed. 2019.
Subjects:
Online Access:Full Text via HEAL-Link
LEADER 03209nam a2200469 4500
001 978-3-658-27352-1
003 DE-He213
005 20190731151157.0
007 cr nn 008mamaa
008 190731s2019 gw | s |||| 0|eng d
020 |a 9783658273521  |9 978-3-658-27352-1 
024 7 |a 10.1007/978-3-658-27352-1  |2 doi 
040 |d GrThAP 
050 4 |a RC86-88.9 
072 7 |a MMKL  |2 bicssc 
072 7 |a MED015000  |2 bisacsh 
072 7 |a MKPL  |2 thema 
082 0 4 |a 616.028  |2 23 
100 1 |a Meiser, Andreas.  |e author.  |4 aut  |4 http://id.loc.gov/vocabulary/relators/aut 
245 1 0 |a Inhaled sedation in the intensive care unit  |h [electronic resource] :  |b A new option and its technical prerequisites /  |c by Andreas Meiser. 
250 |a 1st ed. 2019. 
264 1 |a Wiesbaden :  |b Springer Fachmedien Wiesbaden :  |b Imprint: Springer,  |c 2019. 
300 |a IX, 50 p. 14 illus., 13 illus. in color.  |b online resource. 
336 |a text  |b txt  |2 rdacontent 
337 |a computer  |b c  |2 rdamedia 
338 |a online resource  |b cr  |2 rdacarrier 
347 |a text file  |b PDF  |2 rda 
505 0 |a The basic principle of anesthetic reflection -- The AnaConDa, the Mirus, and the AnaConDa-S -- Inhaled sedation in ARDS -- Inhaled sedation and mortality. 
520 |a Andreas Meiser summarizes the current literature on inhalation sedation of critically ill patients. To meet clinical demands, he describes the development of new devices to administer volatile anesthetics together with common ICU ventilators. Their basic principle is called anesthetic reflection. The author discusses advantages and drawbacks of these devices in line with clinical studies demonstrating advantages of inhaled versus intravenous ICU sedation. Contents The basic principle of anesthetic reflection The AnaConDa, the Mirus, and the AnaConDa-S Inhaled sedation in ARDS Inhaled sedation and mortality Target Groups Anaesthesiologists, intensive care medical doctors, physicians and intensive care nurses Students and scientists in the field of anaesthesiology and intensive care About the Author Dr. med. Andreas Meiser is working as a consultant anesthesiologist on the interdisciplinary operative ICU of the Saarland University Medical Center. He has been a pioneer in the field of inhalation ICU sedation. He has been treating patients using the AnaConDa administration devices since 2004, and has published many original articles in scientific journals on the subject. 
650 0 |a Critical care medicine. 
650 0 |a Anesthesiology. 
650 0 |a Pharmaceutical technology. 
650 1 4 |a Intensive / Critical Care Medicine.  |0 http://scigraph.springernature.com/things/product-market-codes/H3100X 
650 2 4 |a Anesthesiology.  |0 http://scigraph.springernature.com/things/product-market-codes/H13001 
650 2 4 |a Pharmaceutical Sciences/Technology.  |0 http://scigraph.springernature.com/things/product-market-codes/B21010 
710 2 |a SpringerLink (Online service) 
773 0 |t Springer eBooks 
776 0 8 |i Printed edition:  |z 9783658273514 
776 0 8 |i Printed edition:  |z 9783658273538 
856 4 0 |u https://doi.org/10.1007/978-3-658-27352-1  |z Full Text via HEAL-Link 
912 |a ZDB-2-SME 
950 |a Medicine (Springer-11650)